004860000a2200157000450008200120000010000210001224500500003326000330008330000140011650000210013065000240015100100040017594200080017995201240018799900170031104aB C462d1 aCristian, Cheryl10a¿ Donde está el bebé ? / Cheryl Cristian aNew York : Star Bright Books a[ 10 p. ] aTexto pasta dura14aLiteratura Infantil538 cLGB 0010304070aBINCObBINCOd2006-03-18l1oB C462d pB30948r2022-04-19 00:00:00s2022-03-25t1w2016-01-26yLGBB0C3 c47749d47749